Ovocná zahrada

Bibliographic Details
Main Author: Ritter, Gustáv, 1846- (Author)
Format: Book
Language:Slovak
PhysicalDescription:16 strán 21 cm
Published: Budapest [s.n.] [o. 1910]
Subjects:

MARC

LEADER 00000cam a2200000 a 4500
001 vtls008394079
003 SK-MaSNL
005 20260301140046.0
008 200330s1910 hu grf 000 0 slo
015 |a SNBA19011918-001761 
020 |q (brožované) 
035 |a SK01SNKBSKFE20010086296 
035 |a urn:nbn:sk:snk-am3hzpm 
035 |a DCBC7BC4-3B13-445E-84BD-F0A30E8E7B36 
035 |a urn:nbn:sk:snk-am00deq3 
035 |a SKM000088759 
040 |a SNK  |b slo  |c SNK  |e AACR2 
041 0 |a slo 
044 |a hu  |c HU 
080 |a 634  |2 2011 
080 |a (035)  |2 2011 
100 1 |a Ritter, Gustáv,  |d 1846-  |4 aut  |9 492242 
245 1 0 |a Ovocná zahrada  |c napísal Gustáv Ritter 
260 |a Budapest  |b [s.n.]  |c [o. 1910]  |e Budapest  |f Franklin-Társulat 
300 |a 16 strán  |c 21 cm 
500 |a Názov z obálky 
500 |a Ritter, Gustáv: Nar. 20.11.1846. Záhradník Gazdovskej akadémie. (Sz.) 
650 0 7 |a ovocinárstvo  |2 SNKPH  |9 16370 
655 7 |a príručky  |2 SNKPH  |9 74364 
752 |a Maďarsko  |d Budapešť 
958 |a ONDV 
958 |a RK 
958 |a TL 
999 |c 762313  |d 764243 
952 |a SNK  |b SNK  |y PREZ  |7 0  |p 17A0798835  |o snkSC 9960  |i snkKSF 2875/57  |8 5  |0 0  |1 0  |4 0  |d 2019-09-18  |f 1  |l 0  |r 2025-07-09 00:00:00  |w 2026-02-24